Obce okresu Zlín - Statistics

General Stats
  • This quiz has been taken 108 times
  • The average score is 24 of 91
Answer Stats
Počet obyvatel Odpověď % Correct
17 597 Otrokovice
95%
74 255 Zlín
95%
6 224 Slavičín
81%
4 886 Vizovice
81%
5 087 Luhačovice
76%
5 424 Brumov-Bylnice
71%
7 172 Napajedla
71%
4 880 Valašské Klobouky
67%
3 843 Fryšták
62%
292 Ublo
62%
1 467 Březnice
48%
2 961 Slušovice
48%
1 667 Spytihněv
48%
1 873 Želechovice nad Dřevnicí
48%
1 005 Kašava
43%
857 Lípa
43%
1 807 Lukov
43%
1 370 Pozlovice
43%
741 Bohuslavice u Zlína
38%
2 460 Tlumačov
38%
340 Valašské Příkazy
38%
692 Biskupice
33%
2 019 Halenkovice
33%
424 Lutonina
33%
701 Dolní Lhota
29%
601 Doubravy
29%
602 Horní Lhota
29%
691 Machová
29%
784 Provodov
29%
2 146 Štítná nad Vláří-Popov
29%
498 Študlov
29%
1 477 Tečovice
29%
1 193 Trnava
29%
1 175 Újezd
29%
1 477 Vlachovice
29%
1 162 Všemina
29%
506 Březová
24%
234 Karlovice
24%
463 Lukoveček
24%
1 351 Nedašov
24%
675 Nedašova Lhota
24%
902 Pohořelice
24%
734 Velký Ořechov
24%
795 Bratřejov
19%
512 Hřivínův Újezd
19%
1 312 Hvozdná
19%
303 Kaňovice
19%
912 Lhota
19%
363 Lipová
19%
431 Loučka
19%
384 Oldřichovice
19%
250 Šarovy
19%
912 Sazovice
19%
684 Sehradice
19%
563 Slopné
19%
839 Veselá
19%
1 547 Zádveřice-Raková
19%
1 178 Žlutava
19%
313 Bělov
14%
361 Bohuslavice nad Vláří
14%
775 Březůvky
14%
245 Dobrkovice
14%
371 Držková
14%
82 Haluzice
14%
464 Hrobice
14%
190 Kelníky
14%
309 Komárov
14%
729 Ludkovice
14%
429 Ostrata
14%
319 Petrůvka
14%
835 Racková
14%
415 Vlčková
14%
444 Drnovice
10%
563 Hostišová
10%
718 Mysločovice
10%
450 Neubuz
10%
201 Podhradí
10%
316 Podkopná Lhota
10%
751 Poteč
10%
464 Šanov
10%
205 Dešná
5%
279 Jestřabí
5%
193 Křekov
5%
303 Lhotsko
5%
689 Návojná
5%
579 Rokytnice
5%
214 Vlachova Lhota
5%
868 Vysoké Pole
5%
945 Jaenná
0%
249 Rudimov
0%
359 Tichov
0%
No matching quizzes found
Score Distribution
Percent of People with Each Score
Percentile by Number Answered
Your Score History
You have not taken this quiz